[Event "V Floripa Chess Open 2019"]
[Site "Florianopolis/SC"]
[Date "2019.01.24"]
[Round "5.15"]
[White "Starke, Bruno Orlando"]
[Black "Rangel, Daniel"]
[Result "1/2-1/2"]
[WhiteElo "2170"]
[BlackElo "2322"]
[PlyCount "112"]
[EventDate "2019.01.21"]
[EventRounds "10"]
[EventCountry "BRA"]

1. c4 Nf6 2. Nc3 e6 3. e4 d5 4. e5 d4 5. exf6 dxc3 6. bxc3 Qxf6 7. Nf3 Bd6 8. d4 h6 9. Bd3 O-O 10. Qe2 Re8 11. c5 Bxc5 12. Qe4 Nd7 13. O-O Bd6 14. Qh7+ Kf8 15. Re1 Ke7 16. Rb1 b6 17. Qe4 Rb8 18. Ne5 Bb7 19. Nc6+ Bxc6 20. Qxc6 Rbd8 21. Qa4 Kf8 22. Bb5 Re7 23. Qxa7 e5 24. Be3 Kg8 25. Qa4 exd4 26. cxd4 Nf8 27. g3 Ne6 28. Rbd1 Ng5 29. Bxg5 Qxg5 30. Bc6 h5 31. Kg2 h4 32. d5 hxg3 33. hxg3 Qf6 34. Qg4 Bc5 35. Qf3 Qxf3+ 36. Kxf3 Rd6 37. Rxe7 Rf6+ 38. Ke4 Bxe7 39. f4 Rh6 40. Rd2 Rh1 41. Kf3 g6 42. Re2 Bc5 43. a4 Rf1+ 44. Kg2 Rg1+ 45. Kf3 Rc1 46. Kg2 Kg7 47. Kf3 Rc3+ 48. Kg2 Bd6 49. Rf2 Bc5 50. Re2 Kh6 51. Be8 f6 52. Bd7 Kg7 53. Be8 Bd6 54. Rf2 Re3 55. Bd7 Bc5 56. Rc2 Bd6 1/2-1/2

[Event "V Floripa Chess Open 2019"]
[Site "Florianopolis/SC"]
[Date "2019.01.24"]
[Round "5.16"]
[White "Riline, Alejandro"]
[Black "Rodrigues, Edgar"]
[Result "1/2-1/2"]
[WhiteElo "2107"]
[BlackElo "2312"]
[PlyCount "47"]
[EventDate "2019.01.21"]
[EventRounds "10"]
[EventCountry "BRA"]

1. e4 e6 2. d3 d5 3. Nd2 Nf6 4. Ngf3 Be7 5. g3 c5 6. Bg2 Nc6 7. O-O O-O 8. Re1 b5 9. e5 Nd7 10. Nf1 a5 11. h4 c4 12. d4 Nb6 13. N1h2 b4 14. h5 c3 15. bxc3 bxc3 16. h6 f6 17. Ng4 Nc4 18. Bf1 Nb2 19. Bxb2 cxb2 20. Rb1 Qb6 21. a4 Ba6 22. Bxa6 Qxa6 23. Rxb2 Qc4 24. c3 1/2-1/2

[Event "V Floripa Chess Open 2019"]
[Site "Florianopolis/SC"]
[Date "2019.01.24"]
[Round "5.17"]
[White "Moreira, Ronaldo Alonso"]
[Black "Aranha Filho, Alvaro Z."]
[Result "1/2-1/2"]
[WhiteElo "2043"]
[BlackElo "2294"]
[PlyCount "26"]
[EventDate "2019.01.21"]
[EventRounds "10"]
[EventCountry "BRA"]

1. d4 d5 2. c4 e6 3. Nc3 c6 4. e3 Nf6 5. Nf3 a6 6. Qc2 dxc4 7. Bxc4 c5 8. O-O b5 9. Bd3 Nc6 10. a3 Qb6 11. dxc5 Bxc5 12. b4 Be7 13. Bb2 Bb7 1/2-1/2

[Event "V Floripa Chess Open 2019"]
[Site "Florianopolis/SC"]
[Date "2019.01.24"]
[Round "5.18"]
[White "Supi, Luis Paulo"]
[Black "Mota, Romulo Rodrigues"]
[Result "1-0"]
[WhiteElo "2546"]
[BlackElo "1993"]
[Annotator "TA"]
[PlyCount "73"]
[EventDate "2019.01.21"]
[EventRounds "10"]
[EventCountry "BRA"]

1. e4 e6 2. d4 d5 3. Nd2 Nf6 4. e5 Nfd7 5. Bd3 c5 6. c3 Nc6 7. Ne2 cxd4 8. cxd4 f6 9. exf6 Nxf6 10. Nf3 Bd6 11. O-O O-O 12. Bf4 Nh5 13. Bxd6 Qxd6 14. Nc3 Nf4 15. Re1 Bd7 16. Bf1 Rf6 17. g3 Ng6 18. Bg2 Raf8 19. Rc1 Nge7 20. Rc2 Nf5 21. Rce2 a6 22. Ne5 Be8 23. a3 Nfxd4 24. Nxc6 Nxc6 25. Ne4 Qd8 26. Nxf6+ Rxf6 27. b4 Ne7 28. Bh3 Qb6 29. Qd2 Bf7 30. Qe3 Qc6 31. Qc5 Qxc5 32. bxc5 Nc6 33. Rb2 Na5 34. Rb6 Kf8 35. f4 g6 36. Rd6 Ke7 37. Rxd5 1-0

[Event "V Floripa Chess Open 2019"]
[Site "Florianopolis/SC"]
[Date "2019.01.24"]
[Round "5.19"]
[White "Carvalho, Rafael Cunha De"]
[Black "Souza, Adwilhans Luciano"]
[Result "1-0"]
[WhiteElo "2071"]
[BlackElo "2368"]
[PlyCount "81"]
[EventDate "2019.01.21"]
[EventRounds "10"]
[EventCountry "BRA"]

1. d4 Nf6 2. c4 g6 3. g3 Bg7 4. Bg2 d5 5. Nf3 O-O 6. O-O c6 7. cxd5 cxd5 8. Ne5 Nc6 9. Nc3 Be6 10. Nxc6 bxc6 11. Na4 Nd7 12. Be3 Nb6 13. Nc5 Bf5 14. b3 Re8 15. Re1 Nc8 16. Qd2 Nd6 17. Rac1 Bc8 18. f3 e5 19. dxe5 Bxe5 20. Bf2 Bg7 21. Red1 f5 22. e4 fxe4 23. fxe4 Bg4 24. exd5 Bxd1 25. Rxd1 cxd5 26. Qxd5+ Nf7 27. Qf3 Ne5 28. Qe2 Qf6 29. Bxa8 Rxa8 30. Ne4 Qf5 31. Kg2 Re8 32. Nd6 Qd7 33. Nxe8 Qc6+ 34. Kf1 Qxe8 35. Re1 Qc6 36. Qe4 Qa6+ 37. Re2 Qc8 38. Bd4 Qh3+ 39. Ke1 Nf7 40. Qe8+ Bf8 41. Rf2 1-0

[Event "V Floripa Chess Open 2019"]
[Site "Florianopolis/SC"]
[Date "2019.01.24"]
[Round "5.20"]
[White "Mussanti, Diego"]
[Black "Piccoli, Lucas Fonseca"]
[Result "1-0"]
[WhiteElo "2352"]
[BlackElo "2062"]
[PlyCount "106"]
[EventDate "2019.01.21"]
[EventRounds "10"]
[EventCountry "BRA"]

1. e4 c6 2. d4 d5 3. Nc3 dxe4 4. Nxe4 Bf5 5. Ng3 Bg6 6. h4 h6 7. Nf3 e6 8. Ne5 Bh7 9. Bd3 Bxd3 10. Qxd3 Nd7 11. f4 Bb4+ 12. Bd2 Bxd2+ 13. Qxd2 Ngf6 14. O-O-O O-O 15. Rhe1 Nb6 16. c4 Qc7 17. f5 c5 18. fxe6 fxe6 19. Qe2 Rfd8 20. dxc5 Qxc5 21. Kb1 Rxd1+ 22. Rxd1 Rc8 23. b3 a5 24. Nd3 Qc6 25. Nf4 Re8 26. Qe5 Nbd7 27. Qxa5 Ne4 28. Qe1 Nef6 29. Qd2 e5 30. Nd5 Ng4 31. Nf5 Kh8 32. Nde7 Qe4+ 33. Qc2 Qxc2+ 34. Kxc2 Ndf6 35. Re1 Kh7 36. Nd5 Nxd5 37. cxd5 Rd8 38. Re4 h5 39. Rb4 Rd7 40. Rb6 Rf7 41. Nd6 Rf2+ 42. Kb1 Nf6 43. Rxb7 Nxd5 44. Ne4 Rxg2 45. Rb5 Nf4 46. a4 Nd3 47. a5 Rb2+ 48. Ka1 Rc2 49. Rb6 Rc8 50. b4 Ra8 51. Kb1 Nf4 52. Ng5+ Kg8 53. a6 Ng2 1-0

[Event "V Floripa Chess Open 2019"]
[Site "Florianopolis/SC"]
[Date "2019.01.24"]
[Round "5.21"]
[White "Ulloa, Gabriel"]
[Black "Belmonte, Diego Mariano"]
[Result "0-1"]
[WhiteElo "2068"]
[BlackElo "2309"]
[PlyCount "46"]
[EventDate "2019.01.21"]
[EventRounds "10"]
[EventCountry "BRA"]

1. e4 e6 2. d4 d5 3. Nc3 Nf6 4. e5 Nfd7 5. Nce2 c5 6. c3 Nc6 7. Nf3 Qa5 8. a3 cxd4 9. b4 Qc7 10. cxd4 b5 11. Nf4 Qb6 12. h4 a5 13. bxa5 Qxa5+ 14. Bd2 Qb6 15. Bc3 Rxa3 16. Rxa3 Bxa3 17. Qb3 b4 18. Ba1 Ba6 19. Nh5 Bxf1 20. Kxf1 Qb5+ 21. Kg1 Qc4 22. Qb1 g6 23. Nf4 Ndxe5 0-1

[Event "V Floripa Chess Open 2019"]
[Site "Florianopolis/SC"]
[Date "2019.01.24"]
[Round "5.22"]
[White "Cantero, Rodolfo"]
[Black "Guimaraes, Diogo Duarte"]
[Result "0-1"]
[WhiteElo "2055"]
[BlackElo "2278"]
[PlyCount "88"]
[EventDate "2019.01.21"]
[EventRounds "10"]
[EventCountry "BRA"]

1. e4 e5 2. Nc3 Nf6 3. g3 Bc5 4. Bg2 d6 5. h3 O-O 6. Nge2 a5 7. O-O Be6 8. d3 d5 9. Bg5 c6 10. Kh2 Ng4+ 11. hxg4 Qxg5 12. exd5 Bxg4 13. Kg1 cxd5 14. Bxd5 Ra6 15. Kg2 Qf5 16. Be4 Bh3+ 17. Kh2 Qh5 18. Nf4 Qxd1 19. Rfxd1 Bg4 20. Nfe2 Bxf2 21. Kg2 Bc5 22. Rh1 g6 23. Bd5 Nc6 24. Bc4 Raa8 25. Ne4 Bxe2 26. Nxc5 Nd4 27. Kf2 Bf3 28. Rae1 b5 29. Bxb5 Nxb5 30. Kxf3 Nd4+ 31. Kf2 Nxc2 32. Nd7 Nxe1 33. Rxe1 Rfd8 34. Nxe5 f6 35. Ng4 Rxd3 36. Re7 Rd2+ 37. Ke3 Rxb2 38. Nxf6+ Kf8 39. Rxh7 Ra6 40. Ne4 Rxa2 41. g4 Re6 42. Kf3 Ra3+ 43. Kf4 Ra4 44. Kg5 Raxe4 0-1

[Event "V Floripa Chess Open 2019"]
[Site "Florianopolis/SC"]
[Date "2019.01.24"]
[Round "5.23"]
[White "Cadilhac, Igor Tokuichi Kikuc"]
[Black "Do Nascimento, Christian Almeida"]
[Result "1-0"]
[WhiteElo "2277"]
[BlackElo "2029"]
[PlyCount "63"]
[EventDate "2019.01.21"]
[EventRounds "10"]
[EventCountry "BRA"]

1. e4 c5 2. Nf3 Nc6 3. Nc3 g6 4. d4 cxd4 5. Nxd4 Bg7 6. Be3 Nf6 7. Bc4 O-O 8. Bb3 Ng4 9. Qxg4 Nxd4 10. Qh4 b6 11. Bg5 Nxb3 12. Bxe7 Qc7 13. Nd5 Qxc2 14. axb3 Ba6 15. Rxa6 Qc1+ 16. Ke2 Qxh1 17. Bxf8 Rxf8 18. Rxa7 Qxg2 19. Rxd7 g5 20. Ne3 gxh4 21. Nxg2 h3 22. Nf4 Bxb2 23. Nxh3 Rc8 24. Ng5 f6 25. Ne6 Be5 26. f4 Rc6 27. Rg7+ Kh8 28. Re7 h6 29. fxe5 fxe5 30. Nf8 Rc2+ 31. Kd3 Rxh2 32. Nd7 1-0

[Event "V Floripa Chess Open 2019"]
[Site "Florianopolis/SC"]
[Date "2019.01.24"]
[Round "5.24"]
[White "Torella, Rodolfo"]
[Black "Villalba, Marcelo"]
[Result "0-1"]
[WhiteElo "2054"]
[BlackElo "2276"]
[PlyCount "76"]
[EventDate "2019.01.21"]
[EventRounds "10"]
[EventCountry "BRA"]

1. e4 e5 2. Nc3 Nc6 3. g3 Bc5 4. Bg2 d6 5. Nge2 f5 6. d3 a6 7. Be3 Bxe3 8. fxe3 fxe4 9. dxe4 Nf6 10. Qd2 Be6 11. O-O-O O-O 12. h3 Qd7 13. Nd5 Rf7 14. Rdf1 Raf8 15. g4 Ne8 16. Qe1 Nd8 17. Qh4 c6 18. Ndc3 b5 19. b3 Nb7 20. Rxf7 Rxf7 21. Rf1 Rxf1+ 22. Bxf1 Nc5 23. Bg2 b4 24. Nd1 a5 25. Ng3 a4 26. Nf5 axb3 27. axb3 Nf6 28. Nf2 d5 29. Ng3 d4 30. Qg5 Qa7 31. Nh5 Nxh5 32. gxh5 Qa1+ 33. Kd2 Qc3+ 34. Kd1 dxe3 35. Qd8+ Kf7 36. Ng4 Nd7 37. Ke2 Bxg4+ 38. hxg4 Qd2+ 0-1

[Event "V Floripa Chess Open 2019"]
[Site "Florianopolis/SC"]
[Date "2019.01.24"]
[Round "5.25"]
[White "Cordero, Daniela"]
[Black "Pereira, Silvio Cunha"]
[Result "1-0"]
[WhiteElo "2053"]
[BlackElo "2258"]
[PlyCount "85"]
[EventDate "2019.01.21"]
[EventRounds "10"]
[EventCountry "BRA"]

1. d4 f5 2. Nf3 g6 3. c4 Bg7 4. b4 Nf6 5. Qb3 d6 6. e3 e6 7. Bb2 a5 8. b5 b6 9. Be2 Qe7 10. O-O Nbd7 11. Nc3 Bb7 12. Rac1 Ne4 13. Rfd1 Nxc3 14. Bxc3 O-O 15. Ne1 f4 16. Bf3 fxe3 17. fxe3 Qg5 18. Kh1 Qxe3 19. Nc2 Qxf3 20. gxf3 Bxf3+ 21. Kg1 Rf5 22. Bd2 a4 23. Qe3 e5 24. Rf1 Raf8 25. Ne1 Be4 26. Ng2 Bb7 27. Rxf5 gxf5 28. Qg5 Rf6 29. Nh4 Be4 30. Kf2 Nf8 31. dxe5 dxe5 32. Bc3 Ne6 33. Qg3 f4 34. Qg4 Nc5 35. Rg1 Bg6 36. Ke2 Re6 37. Nxg6 hxg6 38. Bb4 Kf7 39. Bxc5 bxc5 40. Rd1 Ke7 41. Qh4+ Rf6 42. Qh7 Rf5 43. Qxg6 1-0

[Event "V Floripa Chess Open 2019"]
[Site "Florianopolis/SC"]
[Date "2019.01.24"]
[Round "5.26"]
[White "De Oliveira, Gustavo Alfredo Bue"]
[Black "Miguel, Gabriel Carvalho Mo"]
[Result "0-1"]
[WhiteElo "2052"]
[BlackElo "2246"]
[PlyCount "52"]
[EventDate "2019.01.21"]
[EventRounds "10"]
[EventCountry "BRA"]

1. d4 Nf6 2. Nf3 e6 3. c4 d5 4. Nc3 Be7 5. Bf4 O-O 6. cxd5 Nxd5 7. Bd2 c5 8. dxc5 Bxc5 9. Nxd5 exd5 10. e3 Nc6 11. Bc3 Bg4 12. Be2 Bxf3 13. Bxf3 d4 14. exd4 Re8+ 15. Kf1 Nxd4 16. Bxd4 Bxd4 17. Qb3 Qf6 18. Rb1 Rad8 19. Qc2 Bb6 20. Rd1 Rxd1+ 21. Bxd1 Rd8 22. Bf3 g6 23. Qe2 Qg5 24. g3 Rd2 25. Qe8+ Kg7 26. Be2 Qc5 0-1

[Event "V Floripa Chess Open 2019"]
[Site "Florianopolis/SC"]
[Date "2019.01.24"]
[Round "5.27"]
[White "De Borba, Gabriel"]
[Black "Cruz, William Ferreira Da"]
[Result "1/2-1/2"]
[WhiteElo "2030"]
[BlackElo "2232"]
[PlyCount "69"]
[EventDate "2019.01.21"]
[EventRounds "10"]
[EventCountry "BRA"]

1. e4 e6 2. d4 d5 3. Nd2 c5 4. exd5 Qxd5 5. dxc5 Nf6 6. Ngf3 Qxc5 7. Bd3 Be7 8. O-O O-O 9. Qe2 Nbd7 10. c3 h6 11. Nc4 b6 12. Be3 Qc7 13. Bd4 Bb7 14. Nfe5 Nxe5 15. Nxe5 Bc5 16. Bxc5 Qxc5 17. Ng4 Nxg4 18. Qxg4 Rad8 19. Rad1 Rd5 20. Qc4 Rfd8 21. Qxc5 bxc5 22. Be2 Rd2 23. Rfe1 Kf8 24. Kf1 Ke7 25. Rb1 Be4 26. Rbd1 Rxb2 27. Rxd8 Kxd8 28. Bc4 Bc6 29. Re5 Bb5 30. Bxb5 Rxb5 31. Ke2 Kd7 32. Kd3 Rb2 33. Rxc5 Rxa2 34. Ke3 a5 35. h4 1/2-1/2

[Event "V Floripa Chess Open 2019"]
[Site "Florianopolis/SC"]
[Date "2019.01.24"]
[Round "5.28"]
[White "Teixeira, Ricardo Da Silva"]
[Black "Urquiza, Marcello De Albuque"]
[Result "1-0"]
[WhiteElo "2228"]
[BlackElo "2025"]
[PlyCount "70"]
[EventDate "2019.01.21"]
[EventRounds "10"]
[EventCountry "BRA"]

1. c4 Nf6 2. Nc3 c5 3. Nf3 e6 4. g3 Nc6 5. Bg2 Be7 6. O-O O-O 7. d4 cxd4 8. Nxd4 a6 9. b3 Qb6 10. e3 d6 11. Na4 Qc7 12. Nxc6 bxc6 13. c5 d5 14. Bb2 Nd7 15. Rc1 a5 16. Qd4 Bf6 17. Qd2 Ba6 18. Rfd1 Bxb2 19. Nxb2 Rfb8 20. Bf1 Bxf1 21. Rxf1 Rb5 22. Na4 Qb7 23. Qc3 Nf6 24. f3 Qc7 25. Rfe1 h5 26. Kg2 e5 27. Rc2 Re8 28. Rec1 h4 29. Qe1 Qc8 30. e4 dxe4 31. fxe4 Qg4 32. Rc4 Rb4 33. h3 Qg6 34. Qe3 hxg3 35. Rxb4 axb4 1-0

[Event "V Floripa Chess Open 2019"]
[Site "Florianopolis/SC"]
[Date "2019.01.24"]
[Round "5.30"]
[White "Tomiello, Lucas Costamilan"]
[Black "Nery Junior, Jose Antonio"]
[Result "1-0"]
[WhiteElo "1990"]
[BlackElo "2188"]
[PlyCount "79"]
[EventDate "2019.01.21"]
[EventRounds "10"]
[EventCountry "BRA"]

1. e4 c5 2. Nf3 d6 3. d4 cxd4 4. Nxd4 Nf6 5. Nc3 a6 6. Bg5 e6 7. f4 Nbd7 8. Qe2 Qc7 9. O-O-O b5 10. a3 Bb7 11. g4 Be7 12. Bh4 Nb6 13. g5 Nfd7 14. Bg2 O-O-O 15. Bf2 Kb8 16. h4 Nc4 17. Rh3 Rc8 18. Kb1 Ndb6 19. f5 e5 20. Nb3 h6 21. gxh6 Rxh6 22. Nd2 Nxd2+ 23. Qxd2 Nc4 24. Qe1 Rch8 25. Bf1 g5 26. fxg6 fxg6 27. Bxc4 bxc4 28. Nd5 Bxd5 29. Rxd5 g5 30. Qb4+ Kc8 31. Rc3 Kd7 32. Rxc4 Qb8 33. Bb6 gxh4 34. Rc7+ Ke8 35. Rd1 Rf6 36. Qa4+ Kf7 37. Qc4+ Kg6 38. Rg1+ Kh6 39. Be3+ Rf4 40. Qe6+ 1-0

[Event "V Floripa Chess Open 2019"]
[Site "Florianopolis/SC"]
[Date "2019.01.24"]
[Round "5.31"]
[White "Acosta, Pablo Alejandro"]
[Black "Librelato, Kathie Goulart"]
[Result "0-1"]
[WhiteElo "1981"]
[BlackElo "2187"]
[PlyCount "69"]
[EventDate "2019.01.21"]
[EventRounds "10"]
[EventCountry "BRA"]

1. e4 e5 2. Nf3 Nc6 3. d4 exd4 4. Nxd4 Nf6 5. Nxc6 bxc6 6. Bd3 d5 7. exd5 cxd5 8. O-O Be7 9. c4 O-O 10. cxd5 Nxd5 11. Bd2 Rb8 12. Nc3 Be6 13. Nxd5 Qxd5 14. Bc3 Rfd8 15. Bc2 Qg5 16. Qf3 Bd6 17. h3 h5 18. Rfe1 Rb5 19. a4 Bd5 20. Be4 Bxe4 21. Rxe4 Rf5 22. Qe2 Bc5 23. Rf1 Kh7 24. Re5 Rxe5 25. Qxe5 Qxe5 26. Bxe5 Rd7 27. h4 c6 28. g3 f6 29. Bc3 Rc7 30. Kg2 Kg6 31. Kf3 Kf5 32. Kg2 Kg4 33. b4 Bd6 34. Bd4 a6 35. Re1 0-1

[Event "V Floripa Chess Open 2019"]
[Site "Florianopolis/SC"]
[Date "2019.01.24"]
[Round "5.32"]
[White "Japiassu, Ricardo De Villa No"]
[Black "Bueno, Alfeu Junior Varela"]
[Result "1-0"]
[WhiteElo "1956"]
[BlackElo "2179"]
[PlyCount "155"]
[EventDate "2019.01.21"]
[EventRounds "10"]
[EventCountry "BRA"]

1. c4 e5 2. g3 Nc6 3. Bg2 f5 4. d3 Nf6 5. Nc3 Bb4 6. Bd2 d6 7. Nf3 O-O 8. O-O Bxc3 9. Bxc3 Qe8 10. e3 Qh5 11. Nd2 Qh6 12. Re1 f4 13. exf4 exf4 14. Bxc6 bxc6 15. Re7 Rf7 16. Rxf7 Kxf7 17. Qf3 Bd7 18. Re1 fxg3 19. hxg3 Rf8 20. Ne4 Bg4 21. Qe3 Qxe3 22. Rxe3 Nd7 23. Ng5+ Kg6 24. Ne6 Bxe6 25. Rxe6+ Kf7 26. Re3 Rb8 27. Bxg7 Nc5 28. Bd4 Ne6 29. Bc3 d5 30. Rf3+ Ke7 31. b3 Rb6 32. Rf5 d4 33. Bb2 c5 34. Rh5 Ra6 35. a3 Kf6 36. Rd5 Ke7 37. b4 c6 38. Re5 Kd6 39. Re4 Ng5 40. bxc5+ Kxc5 41. Bxd4+ Kd6 42. Re3 Rxa3 43. Bf6 Ne6 44. Kg2 a5 45. f4 Ra2+ 46. Kf3 c5 47. f5 Nd4+ 48. Bxd4 cxd4 49. Re6+ Kd7 50. Ke4 Rg2 51. Rh6 Rxg3 52. Rxh7+ Kd6 53. Kxd4 Rg4+ 54. Kc3 Rf4 55. Rh6+ Ke7 56. Re6+ Kd7 57. Re5 a4 58. Ra5 Kc6 59. Kb4 Rd4 60. Kc3 Rf4 61. Rxa4 Rxf5 62. Ra6+ Kc7 63. Rh6 Rf1 64. Kd4 Rf5 65. Kc3 Rf1 66. d4 Rg1 67. Kb4 Ra1 68. d5 Kd7 69. Kc5 Ra5+ 70. Kd4 Ra4 71. Rh7+ Kd6 72. Rh6+ Kd7 73. Rb6 Kc7 74. Rg6 Kd7 75. Rg7+ Kd6 76. Rb7 Ra5 77. c5+ Rxc5 78. Rb6+ 1-0

[Event "V Floripa Chess Open 2019"]
[Site "Florianopolis/SC"]
[Date "2019.01.24"]
[Round "5.33"]
[White "Borges, Guilherme Deola"]
[Black "Caetano, Ryan Wesley Da Cost"]
[Result "1/2-1/2"]
[WhiteElo "2171"]
[BlackElo "2008"]
[PlyCount "146"]
[EventDate "2019.01.21"]
[EventRounds "10"]
[EventCountry "BRA"]

1. d4 Nf6 2. Bg5 Ne4 3. Bf4 d5 4. e3 g6 5. Nd2 Bg7 6. Bd3 Nd6 7. Ngf3 O-O 8. O-O c6 9. c4 dxc4 10. Nxc4 Nxc4 11. Bxc4 Nd7 12. Rc1 Nb6 13. Bb3 Nd5 14. Be5 Bg4 15. Bxg7 Kxg7 16. h3 Bxf3 17. Qxf3 Qd6 18. Bxd5 cxd5 19. Rc5 e6 20. Rfc1 Rad8 21. Qd1 Rd7 22. f4 Re8 23. Qc2 Qe7 24. a3 Red8 25. b4 h5 26. Qc3 Qh4 27. Qd2 Qf6 28. b5 b6 29. Rc6 Qe7 30. R1c3 Qf6 31. Qc1 Qe7 32. Rc8 Qh4 33. Rxd8 Qxd8 34. g3 Qf6 35. Qc2 Qe7 36. Kg2 f6 37. a4 e5 38. fxe5 fxe5 39. Rc6 e4 40. Qf2 Qd8 41. Qf4 Rf7 42. Qe5+ Kh7 43. Rc2 Qg8 44. h4 Rf5 45. Qe7+ Rf7 46. Qd6 Qg7 47. Rc6 Rd7 48. Qe6 Kh6 49. Rc8 Kh7 50. Qe8 Rc7 51. Rd8 Re7 52. Qf8 Qxf8 53. Rxf8 Rd7 54. Rc8 Kg7 55. Kf2 Kf7 56. Ke2 Ke6 57. Kd2 Kf5 58. Rg8 Rd6 59. Rc8 Rd7 60. Rc6 Rg7 61. Rd6 Kg4 62. Rxd5 Kxg3 63. Re5 Kxh4 64. d5 Kg3 65. Ke2 g5 66. d6 g4 67. Rxh5 Rd7 68. Rd5 Kg2 69. Rg5 g3 70. Rg6 Kh2 71. Rh6+ Kg1 72. Rg6 Kh2 73. Rh6+ Kg1 1/2-1/2

[Event "V Floripa Chess Open 2019"]
[Site "Florianopolis/SC"]
[Date "2019.01.24"]
[Round "5.34"]
[White "De Lima, Alexsandro Barros"]
[Black "Heinechen, John"]
[Result "1-0"]
[WhiteElo "2168"]
[BlackElo "2002"]
[PlyCount "46"]
[EventDate "2019.01.21"]
[EventRounds "10"]
[EventCountry "BRA"]

1. e4 c5 2. Nf3 d6 3. d4 cxd4 4. Nxd4 a6 5. Bd3 Qc7 6. Qe2 e6 7. f4 Nf6 8. O-O Nbd7 9. c4 Be7 10. Nc3 b6 11. Kh1 Bb7 12. Bd2 h5 13. b4 Ng4 14. Rfe1 Bf6 15. Nb3 g5 16. Nd5 exd5 17. exd5+ Nde5 18. fxe5 Bxe5 19. Bxg5 Nxh2 20. Bf5 Ng4 21. c5 bxc5 22. bxc5 O-O 23. Bh4 Bc8 1-0

[Event "V Floripa Chess Open 2019"]
[Site "Florianopolis/SC"]
[Date "2019.01.24"]
[Round "5.35"]
[White "Volkmann, Andre Jordi"]
[Black "Trois, Francisco R.T."]
[Result "1-0"]
[WhiteElo "1955"]
[BlackElo "2163"]
[PlyCount "99"]
[EventDate "2019.01.21"]
[EventRounds "10"]
[EventCountry "BRA"]

1. d4 Nf6 2. c4 d6 3. Nc3 e5 4. d5 g6 5. e4 Bg7 6. f3 Nh5 7. Be3 f5 8. Qa4+ Nd7 9. c5 O-O 10. c6 bxc6 11. Qxc6 Rb8 12. O-O-O Nb6 13. Qb5 a6 14. Qa5 Nf6 15. Bxb6 cxb6 16. Qb4 Bh6+ 17. Kb1 Be3 18. Nge2 b5 19. Qb3 Qb6 20. Nc1 Bd7 21. Bd3 a5 22. exf5 gxf5 23. Qc2 Nh5 24. g4 Ng7 25. gxf5 Bxf5 26. Bxf5 Rxf5 27. Rd3 Rbf8 28. Ne4 a4 29. Qc6 Rxf3 30. Nxd6 Qd8 31. Nxb5 e4 32. Rdd1 Qg5 33. Qc4 Rf2 34. d6+ Kh8 35. d7 Bxc1 36. Qxc1 e3 37. Rhg1 Qf5+ 38. Ka1 Qf6 39. Qc3 e2 40. Qxf6 exd1=Q+ 41. Rxd1 R2xf6 42. d8=Q Rxd8 43. Rxd8+ Ne8 44. Rxe8+ Kg7 45. a3 Rf2 46. h4 Rf4 47. Re7+ Kg6 48. Nd6 Rf1+ 49. Ka2 Rd1 50. Nb5 1-0

[Event "V Floripa Chess Open 2019"]
[Site "Florianopolis/SC"]
[Date "2019.01.24"]
[Round "5.36"]
[White "Filgueiras, Nathan Felipe"]
[Black "Barreiros Da Silva, Denison Klein"]
[Result "1-0"]
[WhiteElo "2161"]
[BlackElo "1990"]
[PlyCount "46"]
[EventDate "2019.01.21"]
[EventRounds "10"]
[EventCountry "BRA"]

1. e4 c5 2. Nc3 e6 3. Nf3 Nc6 4. d4 cxd4 5. Nxd4 a6 6. Be2 Qc7 7. Be3 Nf6 8. O-O b5 9. Nxc6 dxc6 10. f4 Bb4 11. e5 Nd5 12. Nxd5 cxd5 13. c3 Bc5 14. Bd4 Bd7 15. Qd2 Rc8 16. Rac1 O-O 17. b4 Bb6 18. Qe3 Rb8 19. g4 Rfe8 20. Kh1 f6 21. Bd3 fxe5 22. Bxe5 Qd8 23. Qh3 g6 1-0

[Event "V Floripa Chess Open 2019"]
[Site "Florianopolis/SC"]
[Date "2019.01.24"]
[Round "5.37"]
[White "Nicolini, Paulo Giovanni De A"]
[Black "Borges, Wagner Da Silva"]
[Result "1/2-1/2"]
[WhiteElo "1951"]
[BlackElo "2156"]
[PlyCount "57"]
[EventDate "2019.01.21"]
[EventRounds "10"]
[EventCountry "BRA"]

1. e4 d6 2. d4 g6 3. Nc3 Bg7 4. Nf3 Nd7 5. Be2 c6 6. a4 Qc7 7. O-O Ngf6 8. h3 O-O 9. Be3 Re8 10. a5 a6 11. Qd2 c5 12. Bh6 Bh8 13. Rfe1 cxd4 14. Nxd4 Ne5 15. Nd5 Nxd5 16. exd5 Qc5 17. Nb3 Qc7 18. Ra4 Bd7 19. Rh4 Rac8 20. c3 Bb5 21. f4 Nc4 22. Qc1 Nxa5 23. Nxa5 Qxa5 24. Bg4 Qb6+ 25. Kh1 f5 26. Bf3 Bf6 27. Bg5 Qf2 28. Rh6 Bg7 29. Rh4 1/2-1/2

[Event "V Floripa Chess Open 2019"]
[Site "Florianopolis/SC"]
[Date "2019.01.24"]
[Round "5.38"]
[White "Luz, Arthur Nader"]
[Black "Mendes, Joao Paulo"]
[Result "1-0"]
[WhiteElo "2154"]
[BlackElo "1973"]
[PlyCount "59"]
[EventDate "2019.01.21"]
[EventRounds "10"]
[EventCountry "BRA"]

1. d4 Nf6 2. Bf4 g6 3. Nc3 Bg7 4. e4 d6 5. Qd2 O-O 6. Nf3 c6 7. O-O-O b5 8. e5 b4 9. Ne2 Ne4 10. Qe3 d5 11. Ng3 Qa5 12. Kb1 Nc3+ 13. bxc3 bxc3 14. Rd3 Qb4+ 15. Kc1 Qb2+ 16. Kd1 Na6 17. a3 Qxa3 18. Rxc3 Qa1+ 19. Kd2 Qa5 20. Bxa6 Bxa6 21. Qe1 Bb5 22. Qa1 Ba4 23. Rb1 Rfb8 24. Rxb8+ Rxb8 25. Ne2 e6 26. Ne1 c5 27. Be3 Bxe5 28. dxe5 d4 29. Nxd4 Rd8 30. Nd3 1-0

[Event "V Floripa Chess Open 2019"]
[Site "Florianopolis/SC"]
[Date "2019.01.24"]
[Round "5.39"]
[White "Souza, Rafael Cabral De"]
[Black "Ichimura G. Barbosa, Larissa Y."]
[Result "1-0"]
[WhiteElo "2142"]
[BlackElo "1967"]
[PlyCount "79"]
[EventDate "2019.01.21"]
[EventRounds "10"]
[EventCountry "BRA"]

1. Nf3 Nf6 2. c4 g6 3. g3 Bg7 4. Nc3 O-O 5. Bg2 d6 6. O-O e5 7. d3 Nc6 8. Rb1 a5 9. a3 h6 10. b4 axb4 11. axb4 Re8 12. Ne1 Be6 13. Nd5 Kh7 14. Nc2 Qd7 15. Re1 Ne7 16. Nxe7 Rxe7 17. Bxb7 Rb8 18. Bg2 d5 19. Ne3 e4 20. Nxd5 Bxd5 21. cxd5 Nxd5 22. dxe4 Nxb4 23. Ba3 Bc3 24. Qxd7 Rxd7 25. Rec1 Na2 26. Rxb8 Nxc1 27. Bf3 Rd1+ 28. Kg2 Re1 29. Bb2 Bxb2 30. Rxb2 c5 31. e5 c4 32. Rc2 c3 33. Rxc3 Nxe2 34. Rc7 Rg1+ 35. Kh3 Nd4 36. Rxf7+ Kh8 37. Be4 Ne6 38. f4 g5 39. Rh7+ Kg8 40. Rxh6 1-0

[Event "V Floripa Chess Open 2019"]
[Site "Florianopolis/SC"]
[Date "2019.01.24"]
[Round "5.40"]
[White "Calcado, Acyr Rogerio"]
[Black "Takano, Nicholas Ryo"]
[Result "1-0"]
[WhiteElo "2141"]
[BlackElo "1954"]
[PlyCount "56"]
[EventDate "2019.01.21"]
[EventRounds "10"]
[EventCountry "BRA"]

1. e4 c5 2. Nf3 g6 3. d4 cxd4 4. Qxd4 Nf6 5. e5 Nc6 6. Qa4 Nd5 7. Qb3 Nc7 8. Bf4 Bg7 9. Nc3 O-O 10. O-O-O Ne6 11. Bg3 a5 12. Bb5 Re8 13. Kb1 Qb6 14. Nd5 Qa7 15. Qa3 b6 16. Bh4 Bf8 17. Qe3 Rb8 18. Ng5 Ncd8 19. Ne4 Nc7 20. Nxc7 Qxc7 21. Nd6 Qc5 22. Nxe8 Qxb5 23. Nc7 Qc4 24. e6 Qxc7 25. exd7 Ba6 26. Bg3 Qb7 27. h4 e6 28. h5 Bg7 1-0